Top 10 most important and famous people from Maryland/Washington DC - Statistics

General Stats
  • This quiz has been taken 58 times
  • The average score is 6 of 10
Answer Stats
Hint Answer % Correct
Swimmer, the most successful and most decorated Olympian of all time with a total of 28 medals Michael Phelps
93%
One of the greatest Baseball player of all time, he played from 1914 to 1935 Babe Ruth
81%
Abolitionist and social activist. Born into slavery, he escaped and subsequently made some 13 missions to rescue approximately 70 slaves, including family and friends, Underground Railroad Harriet Tubman
78%
Singer and songwriter, Let's Get It On, What's Going On Marvin Gaye
74%
Actor famous for his roles in Baywatch and The Young and The Restless David Hasselhoff
67%
Actor famous for his roles in Pulp Fiction and Django Unchained Samuel L. Jackson
63%
After escaping from slavery in Maryland, he became a national leader of the abolitionist movement in Massachusetts and New York, becoming famous for his orator Frederick Douglass
56%
Basketball player, two times winner of NBA with Golden State Warriors, now he plays in Brooklyn Nets Kevin Durant
48%
Tennis player winner of 14 Grand Slam titles Pete Sampras
33%
Singer and songwriter, Camarillo Brillo, Peaches En Regalia Frank Vincent Zappa
11%
No matching quizzes found
Score Distribution
Percent of People with Each Score
Percentile by Number Answered
Your Score History
You have not taken this quiz